| 000 | 00792cab a22002175a 4500 | ||
|---|---|---|---|
| 001 | L147195 | ||
| 008 | 090414e20090403xxk f s 000 0 eng d | ||
| 035 | _a(Sirsi) u147195 | ||
| 041 | 0 | _aeng | |
| 100 | 1 | _aShaw, Rob | |
| 245 | 0 | 0 | _aRenewal of confidence |
| 260 | _c2009 | ||
| 490 | 0 |
_aPlanning _v(1812) 3 April 2009, 16-17(2) |
|
| 520 | _aPlanners can play a key role in meeting carbon reduction and renewable energy targets, as outlined in the Supplement to Planning Policy Statement One (PPS1) on planning and climate change (see L129978). | ||
| 590 | _aKA | ||
| 650 | 2 | 4 | _aPLANNING POLICY STATEMENT ONE |
| 651 | 4 |
_aEngland and Wales _y1543- |
|
| 690 | _aENVIRONMENTAL AND LAND CONSULTANCY-PLANNING AND DEVELOPMENT-STRATEGIC PLANNING | ||
| 700 | 1 | _aMorgan, Celeste | |
| 942 | _n0 | ||
| 999 |
_c81425 _d81425 |
||